L'Eredità - Ghigliottina #4 - Statistics

Statistiche generali
  • Questo quiz è stato fatto 151 volte
  • Il punteggio medio è 3 su 5
Statistiche sulle risposte
Risposta % Corretto
La risposta è Scala Palermo: la scala Palermo valuta il rischio di impatto con la Terra di un asteroide. Mobile: da “scala mobile”. Minore: una scala minore è una particolare scala musicale. Chiocciola: una scala a chiocciola è un tipo di scala. Teatro: dal Teatro alla Scala di Milano.
78%
La risposta è Baco Seta: il baco da seta viene utilizzato per la produzione del tessuto omonimo. Computer: il bug o baco è una problematica frequente nell’ambito informatico. Larva: il baco è lo stadio larvale di alcuni insetti. Falena: il baco è lo stadio larvale della falena. Bozzolo: il baco forma un bozzolo durante la metamorfosi.
76%
La risposta è Noce Benevento: il noce di Benevento è un antico albero legato a culti pagani. Cocco: da noce di cocco. Cervello: è nota la somiglianza estetica tra il gheriglio e il cervello. Legno: il legno di noce è spesso utilizzato per la costruzione di mobili. Castagna: la castagna è una noce, almeno secondo il senso specialistico del termine.
61%
La risposta è Nucleare Famiglia: una famiglia nucleare è un tipo di famiglia formata da una sola unità coniugale più i figli. Arma: un’arma nucleare è un potente ordigno. Energia: l’energia nucleare è tipo di energia. Inverno: l’inverno nucleare è uno scenario ipotetico conseguente a una guerra nucleare. Olocausto: un olocausto nucleare è uno scenario teorico riguardante le conseguenze di una guerra nucleare.
30%
La risposta è Maschio Spina: la spina elettrica è detta anche “maschio”. Castello: il maschio è una torre di un castello o, genericamente, il castello stesso. Gallo: il gallo è un animale di sesso maschile. Ypsilon: il cromosoma Y è esclusivo degli esseri umani di sesso maschile. Marte: il simbolo di Marte è anche il simbolo del sesso maschile.
11%
Nessun quiz corrispondente trovato
Distribuzione punteggi
Percentuale di utenti per punteggio
Percentile per numero di risposta
I tuoi punteggi nel tempo
Non hai fatto questo quiz